000 00645nab a2200181 4500
001 244442
003 OSt
005 20240702072926.0
007 tu
008 200917s2020|||||||
040 _aDE-2950
_cDE-2950
245 0 0 _a3000 Besucher machen kleine Parknacht zu Mitsommerfest
_bVeranstaltung. Zum zweiten Mal fand das Event im Lennépark zu Beginn des Sommers statt. Was geboten wurde und wie es den Besuchern gefallen hat/
_cRené Matschkowiak
264 _c2024
653 _aFrankfurt (Oder)
653 _aParknacht
773 0 _g35. Jahrgang (2024) Nr. 145 vom 24.06.2024, S. 11, mit Foto
_tMärkische Oderzeitung
942 _2z
_cA
999 _c373218
_d373218